Statistics for Least Diverse Countries

Click here to take the quiz!

General Stats

  • This quiz has been taken 126 times
    (85 since last reset)
  • The average score is 9 of 25

Answer Stats

RankScoreCountry% Correct
40.002North Korea
84%
50.0119Japan
83%
60.0392South Korea
81%
170.0798Iceland
60%
140.0586Norway
56%
150.06Sweden
55%
180.0819Denmark
49%
110.0468Portugal
36%
90.0414Malta
35%
240.1054Netherlands
31%
190.0869Tonga
30%
80.0413Vanuatu
30%
230.1032France
27%
220.095Haiti
27%
10Yemen
27%
200.0929Australia
26%
250.1068Austria
26%
120.0511Kiribati
26%
20East Timor
23%
100.0454Bangladesh
22%
210.0939Cyprus
22%
160.0603Marshall Islands
22%
70.0394Tunisia
16%
30Comoros
14%
130.0582Swaziland
13%

Score Distribution

Percentile by Number Answered

Percent of People with Each Score

Your Score History

You have not taken this quiz since the last reset